<?xml version="1.0" encoding="UTF-8"?>
<record
    xmlns:xsi="http://www.w3.org/2001/XMLSchema-instance"
    xsi:schemaLocation="http://www.loc.gov/MARC21/slim http://www.loc.gov/standards/marcxml/schema/MARC21slim.xsd"
    xmlns="http://www.loc.gov/MARC21/slim">

  <leader>02892cam a22002654a 4500</leader>
  <controlfield tag="001">16983361</controlfield>
  <controlfield tag="005">20130130115814.0</controlfield>
  <controlfield tag="008">110929s2012    maua     b    101 0 eng  </controlfield>
  <datafield tag="020" ind1=" " ind2=" ">
    <subfield code="a">026201761X (hardcover : alk. paper)</subfield>
  </datafield>
  <datafield tag="020" ind1=" " ind2=" ">
    <subfield code="a">9780262017619 (hardcover : alk. paper)</subfield>
  </datafield>
  <datafield tag="082" ind1="0" ind2="0">
    <subfield code="a">339.5</subfield>
    <subfield code="2">23</subfield>
    <subfield code="b">WAK</subfield>
  </datafield>
  <datafield tag="245" ind1="0" ind2="0">
    <subfield code="a">In the Wake of the Crisis :</subfield>
    <subfield code="b">Leading Economists Reassess Economic Policy /</subfield>
    <subfield code="c">edited by Olivier J. Blanchard ... [et al.].</subfield>
  </datafield>
  <datafield tag="260" ind1=" " ind2=" ">
    <subfield code="a">Cambridge, Mass. :</subfield>
    <subfield code="b">MIT Press,</subfield>
    <subfield code="c">c2012.</subfield>
  </datafield>
  <datafield tag="300" ind1=" " ind2=" ">
    <subfield code="a">x, 239 p. :</subfield>
    <subfield code="b">ill. ;</subfield>
    <subfield code="c">24 cm.</subfield>
  </datafield>
  <datafield tag="500" ind1=" " ind2=" ">
    <subfield code="a">Conference proceedings.</subfield>
  </datafield>
  <datafield tag="504" ind1=" " ind2=" ">
    <subfield code="a">Includes bibliographical references and index.</subfield>
  </datafield>
  <datafield tag="505" ind1="0" ind2=" ">
    <subfield code="a">Monetary policy -- Questions / Olivier Blanchard and David Romer -- Monetary policy in the wake of the crisis / Olivier Blanchard -- How should the crisis affect our views of monetary policy? / Guillermo Ortiz -- Lessons for monetary policy / Otmar Issing -- Macroeconomics, monetary policy, and the crisis / Joseph Stiglitz -- Fiscal policy -- Questions / Olivier Blanchard and David Romer -- Fiscal stimulii and consolidation / Partho Shome -- What have we learned about fiscal policy from the crisis? / David Romer -- Fiscal policy responses to economic crisis / Mulyani Indrawati -- Fiscal policy / Robert Solow -- Financial intermediation and regulation -- Questions / Blanchard and David Romer -- [ jacob frenkel; still to come] -- Financial crisis and financial intermediation / YV Reddy -- Global liquidity / yun Song Shin -- Measures of increasing financial intensity / Adair Turner -- Capital account management -- Questions / Olivier Blanchard and David Romer -- Notes on capital account management / Ricardo Caballero -- Remarks on capital account management / Arminio Fraga -- Capital account management / Rakesh Mohan -- The case for regulating cross-border capital flows / Jose Antonio Ocampo -- Growth strategies -- Questions / Olivier Blanchard and David Romer -- Comments on growth strategies / Dani Rodrik -- The dynamics of rules / Paul Romer -- Is the Chinese growth model replicable? / Andrew Sheng -- Growth in the post-crisis world / Michael Spence -- The international monetary system -- Overview / Olivier Blanchard and David Romer -- Cross-border banking and foreign currency swap lines / Gumundsson -- The international monetary system / Olivier Jeanne -- International monetary system reform : a practical agenda / Charles Collyns -- The international monetary system / Maurice Obstfeld -- Concluding remarks / Olivier Blanchard -- Bibliographical references -- Index.</subfield>
  </datafield>
  <datafield tag="650" ind1=" " ind2="0">
    <subfield code="a">Global Financial Crisis, 2008-2009</subfield>
    <subfield code="v">Congresses.</subfield>
    <subfield code="9">32136</subfield>
  </datafield>
  <datafield tag="650" ind1=" " ind2="0">
    <subfield code="a">Fiscal policy</subfield>
    <subfield code="v">Congresses.</subfield>
    <subfield code="9">32137</subfield>
  </datafield>
  <datafield tag="650" ind1=" " ind2="0">
    <subfield code="a">Monetary policy</subfield>
    <subfield code="v">Congresses.</subfield>
    <subfield code="9">32138</subfield>
  </datafield>
  <datafield tag="650" ind1=" " ind2="0">
    <subfield code="a">Economic development</subfield>
    <subfield code="v">Congresses.</subfield>
    <subfield code="9">22375</subfield>
  </datafield>
  <datafield tag="653" ind1=" " ind2=" ">
    <subfield code="b">Eco</subfield>
    <subfield code="c">January2013</subfield>
  </datafield>
  <datafield tag="700" ind1="1" ind2=" ">
    <subfield code="a">Blanchard, Olivier</subfield>
    <subfield code="q">(Olivier J.)</subfield>
    <subfield code="9">12845</subfield>
  </datafield>
  <datafield tag="942" ind1=" " ind2=" ">
    <subfield code="2">ddc</subfield>
    <subfield code="c">BB</subfield>
  </datafield>
  <datafield tag="999" ind1=" " ind2=" ">
    <subfield code="c">17172</subfield>
    <subfield code="d">17144</subfield>
  </datafield>
  <datafield tag="952" ind1=" " ind2=" ">
    <subfield code="0">0</subfield>
    <subfield code="1">0</subfield>
    <subfield code="2">ddc</subfield>
    <subfield code="4">0</subfield>
    <subfield code="7">0</subfield>
    <subfield code="8">M-E-O</subfield>
    <subfield code="a">MAIN</subfield>
    <subfield code="b">MAIN</subfield>
    <subfield code="c">1ST</subfield>
    <subfield code="d">2013-01-30</subfield>
    <subfield code="e">purchase</subfield>
    <subfield code="g">210.00</subfield>
    <subfield code="h">001338</subfield>
    <subfield code="l">3</subfield>
    <subfield code="m">1</subfield>
    <subfield code="o">339.5 WAK</subfield>
    <subfield code="p">000027934</subfield>
    <subfield code="r">2025-07-15 00:00:00</subfield>
    <subfield code="s">2019-09-19</subfield>
    <subfield code="y">BB</subfield>
  </datafield>
</record>
